Guess WWE Wrestlers with the Face Covered #2 - Statistics

General Stats
  • This quiz has been taken 222 times
  • The average score is 14 of 16
Answer Stats
Picture Answer % Correct
Stone Cold Steve Austin
100%
Sheamus
96%
Chris Jericho
93%
Rey Mysterio
90%
Andre the Giant
88%
Shawn Michaels
88%
AJ Styles
87%
Kurt Angle
87%
Becky Lynch
86%
The Ultimate Warrior
86%
Charlotte Flair
84%
Bron Breakker
79%
Chad Gable
75%
Jade Cargill
75%
Bruno Sammartino
73%
Michelle McCool
66%
No matching quizzes found
Score Distribution
Percent of People with Each Score
Percentile by Number Answered
Your Score History
You have not taken this quiz